Manual de gestión con enfoque de género para mujeres microempresarias /

Na minha lista:
Detalhes bibliográficos
Outros Autores: Espinosa Torres, Patricia (introducción) (introducción)
Formato: Livro
Idioma:espanhol
Publicado em: México : Instituto Nacional de las Mujeres, 2003, c2003
Assuntos:
Tags: Adicionar Tag
Sem tags, seja o primeiro a adicionar uma tag!

MARC

LEADER 00000nam^a2200000^a^4500
001 000175038
005 20250521000000.0
009 20260310101550.727
037 |a Acervo ITESO - Biblioteca 
041 |a ESP 
082 |a 658. 022  |b MAN 
240 1 1 |a [Manual de gestión con enfoque de género para mujeres microempresarias] 
245 0 0 |a Manual de gestión con enfoque de género para mujeres microempresarias /  |c Introd. de P. Espinosa Torres. 
264 4 |a México :  |b Instituto Nacional de las Mujeres,  |c 2003, c2003 
300 |a 140 p. 
336 |a texto  |b txt  |2 rdacontenido 
337 |a sin mediación  |b n  |2 rdamedio 
338 |a volumen  |b nc  |2 rdasoporte 
649 |a XX 
650 |a Mujeres 
650 |a Empresarios 
650 |a Formación de Empresas -  |z México -  |x Tema Principal 
650 |a Microempresa -  |x Administración -  |x Tema Principal 
650 |a Empresas -  |x Administración 
650 |a Género 
650 |a Proceso Administrativo 
650 |a Economía 
650 |a Ciencias Administrativas 
700 |a Espinosa Torres, Patricia  |e (introducción) 
910 |a Fondo General 
920 |a Impresos - Libros 
930 |a Colección General 
905 |a 101 
901 |a 0500113242  |b IT1  |c ACC  |u 20250521 
902 |a https://opac.biblio.iteso.mx/vufind/Record/000175038